000 00380nam a2200145Ia 4500
008 230917s9999||||xx |||||||||||||| ||und||
040 _e105610
_aMAIN
041 _aEnglish
082 _a658.4 I1B
100 _aIvancevich, John M
245 0 _aBusiness and management: principles and guidlines
260 _aNew Delhi
_bBiztantra
_c2004
300 _axix,632p p.
942 _cBK
999 _c231581
_d231581